Jurassic world evolution dig sites - Statistics

General Stats
  • This quiz has been taken 15 times
  • The average score is 10 of 51
Answer Stats
Country Answer % Correct
USA Hell Creek Formation
100%
Canada Dinosaur Park Formation
67%
Uk Isle Of Wight
67%
Portugal Lourinha Formation
67%
USA Morrison Formation
67%
Egypt Bahariya Formation
33%
Uzbekistan Bissekty Formation
33%
Tunisia Chenini Formation
33%
USA Egg Mountain
33%
Canada Frenchmen Formation
33%
Belgium Iguanodon Mine
33%
China Iren Dabasu Formation
33%
USA Judith River Formation
33%
Morocco Kem Kem Beds
33%
USA Lance Formation
33%
USA Laramie Formation
33%
Australia Mackunda Formation
33%
UK Minchinhampton
33%
Mongolia Nemegt Formation
33%
USA Pierre Shale
33%
USA Prince Creek Formation
33%
Germany Solnhofen Formation
33%
Niger Tegama Beds
33%
Tanzania Tendaguru Formation
33%
Russia Udurchukan Formation
33%
USA Antlers Formation
0%
Argentina Candeleros Formation
0%
France Canjuers
0%
USA Cedar Mountain Formation
0%
Argentina Cerro Fortaleza Formation
0%
USA Cleveland Lloyd Dinosaur Quarry
0%
USA Cloverly Formation
0%
USA Dinosaur National Monument
0%
USA Garden Park
0%
Canada Horseshoe canyon Formation
0%
Uk Hythe Formation
0%
Argentina Ischigualasto Formation
0%
USA Kaiparowits Formation
0%
USA Kirtland Formation
0%
Argentina La Colonia Formation
0%
China Lower Lufeng Series
0%
Madagascar Maevarano Formation
0%
UK Oxford clay
0%
USA Peay Sandstone Member
0%
Canada Scollard Formation
0%
UK Smokejack Clay Pit
0%
USA Smoky Hill Chalk
0%
USA Twin Mountains Formation
0%
China Xingezhuang Formation
0%
China Yuliangze Formation
0%
China Ziliujing Formation
0%
No matching quizzes found
Score Distribution
Percent of People with Each Score
Percentile by Number Answered
Your Score History
You have not taken this quiz